[Event "1. OEsterreichische Internet Schach Meisterschaft - Vorrunde 2"]
[Site "Online - Playchess.com"]
[Date ""]
[Round "1"]
[Board "1"]
[White "Soelkner, Julian"]
[Black "Ragger, Markus"]
[Result "0-1"]
[WhiteElo "1484"]
[BlackElo "2679"]
[PlyCount "62"]
[EventDate "2020.04.13"]
[EventRounds "9"]
[EventCountry "AUT"]

1. d4 Nf6 2. c3 g6 3. Bd2 d5 4. Nf3 Bg7 5. e3 O-O 6. Bd3 c5 7. O-O Nc6 8. Qe2 Nd7
9. Na3 e5 10. dxe5 Ndxe5 11. Bc2 Bg4 12. Kh1 Re8 13. Rg1 d4 14. cxd4 cxd4 15. Bb3
dxe3 16. Bxe3 Nxf3 17. gxf3 Nd4 18. Bxf7+ Kxf7 19. Qc4+ Be6 20. Qb4 Nxf3 21. Qxb7+
Kg8 22. Qxf3 Bd5 23. Qg2 Bxg2+ 24. Rxg2 Bxb2 25. Bg5 Qd5 26. Rb1 Bxa3 27. Rbg1 Re2
28. Be3 Re8 29. Bxa7 Re1 30. Be3 Rxg1+ 31. Kxg1 Qd1#  0-1

[Event "1. OEsterreichische Internet Schach Meisterschaft - Vorrunde 2"]
[Site "Online - Playchess.com"]
[Date ""]
[Round "1"]
[Board "2"]
[White "Shengelia, David"]
[Black "Flir, Emilio"]
[Result "1-0"]
[WhiteElo "2544"]
[BlackElo "1843"]
[PlyCount "41"]
[EventDate "2020.04.13"]
[EventRounds "9"]
[EventCountry "AUT"]

1. d4 d5 2. Nf3 Nf6 3. c4 c6 4. e3 e6 5. Nbd2 Nbd7 6. Bd3 Bd6 7. O-O O-O 8. e4 dxe4
9. Nxe4 Nxe4 10. Bxe4 Nf6 11. Bc2 Re8 12. Bg5 h6 13. Bh4 Be7 14. Qd3 g6 15. Ne5 g5
16. Nxf7 Kxf7 17. Qg6+ Kf8 18. Qxh6+ Kg8 19. Qxg5+ Kh8 20. Qg6 Rf8 21. Bxf6+  1-0

[Event "1. OEsterreichische Internet Schach Meisterschaft - Vorrunde 2"]
[Site "Online - Playchess.com"]
[Date ""]
[Round "1"]
[Board "3"]
[White "Froewis, Georg"]
[Black "Steirer, Gerhard"]
[Result "1-0"]
[WhiteElo "2457"]
[BlackElo "1854"]
[PlyCount "99"]
[EventDate "2020.04.13"]
[EventRounds "9"]
[EventCountry "AUT"]

1. Nf3 c5 2. b3 d6 3. Bb2 e5 4. e3 f5 5. d4 e4 6. Nfd2 cxd4 7. Bxd4 d5 8. c4 Nf6
9. Nc3 Nc6 10. Bxf6 Qxf6 11. Nxd5 Qd8 12. Be2 Be6 13. O-O Bd6 14. f4 exf3 15. Bxf3
O-O 16. e4 Qh4 17. g3 Bxg3 18. hxg3 Qxg3+ 19. Bg2 f4 20. Qf3 Qg5 21. Qf2 Ne5 22.
Nf3 Nxf3+ 23. Qxf3 Bg4 24. Qf2 f3 25. Rae1 fxg2 26. Qxg2 h5 27. e5 Rxf1+ 28. Rxf1
Qxe5 29. Qf2 Re8 30. Nf4 Qg5 31. Kh2 Re4 32. Qd2 Qe5 33. Kh1 Rd4 34. Qf2 Qe4+ 35.
Kg1 Qe5 36. Nd5 Bh3 37. Re1 Rg4+ 38. Kh1 Qg5 39. Ne3 Rf4 40. Qg1 Qh4 41. Qh2 Bg2+
42. Nxg2 Qxh2+ 43. Kxh2 Rf2 44. Re7 Rxa2 45. Rxb7 a5 46. c5 Kh7 47. c6 Rc2 48. c7
h4 49. Kh3 g5 50. Ne3  1-0

[Event "1. OEsterreichische Internet Schach Meisterschaft - Vorrunde 2"]
[Site "Online - Playchess.com"]
[Date ""]
[Round "1"]
[Board "4"]
[White "Schweda, Roland"]
[Black "Horvath, Maria"]
[Result "1-0"]
[WhiteElo "2444"]
[BlackElo "1995"]
[PlyCount "65"]
[EventDate "2020.04.13"]
[EventRounds "9"]
[EventCountry "AUT"]

1. d4 d5 2. c4 c6 3. Nf3 e6 4. Qc2 f5 5. Bf4 Nf6 6. e3 Bd6 7. Nc3 O-O 8. Bd3 Ne4
9. Bxd6 Qxd6 10. Ne5 Nd7 11. f3 Nxc3 12. Qxc3 Nxe5 13. dxe5 Qe7 14. O-O-O Bd7 15.
f4 a6 16. c5 Rfb8 17. Rdg1 b6 18. cxb6 Rxb6 19. g4 Rab8 20. Rg2 Be8 21. gxf5 exf5
22. Bxf5 c5 23. Rhg1 d4 24. exd4 cxd4 25. Qd3 Rc6+ 26. Kb1 g6 27. Be4 Rcb6 28. f5
Qc5 29. fxg6 hxg6 30. Bxg6 Bxg6 31. Rxg6+ Rxg6 32. Qxg6+ Kf8 33. Qf6+  1-0

[Event "1. OEsterreichische Internet Schach Meisterschaft - Vorrunde 2"]
[Site "Online - Playchess.com"]
[Date ""]
[Round "1"]
[Board "5"]
[White "Baumegger, Siegfried"]
[Black "Simon, Christopher"]
[Result "1/2-1/2"]
[WhiteElo "2441"]
[BlackElo "1824"]
[PlyCount "68"]
[EventDate "2020.04.13"]
[EventRounds "9"]
[EventCountry "AUT"]

1. e4 g6 2. d4 Bg7 3. Nf3 d6 4. Bc4 Nf6 5. Qe2 O-O 6. O-O a6 7. e5 Nfd7 8. exd6 exd6
9. Re1 Nc6 10. c3 Nf6 11. Bg5 Re8 12. Qd1 Rxe1+ 13. Qxe1 d5 14. Bb3 Bf5 15. Nbd2
Na5 16. Qe3 c6 17. Re1 Qf8 18. Qf4 Re8 19. Qc7 Rxe1+ 20. Nxe1 Nxb3 21. axb3 Qe8 22.
Nef3 Qe2 23. Qd8+ Ne8 24. Be7 Bf8 25. Ne5 Qxd2 26. g4 Qc1+ 27. Kg2 Be4+ 28. f3 Qd2+
29. Kh3 Qf2 30. Qxe8 Qf1+ 31. Kg3 Qg1+ 32. Kh3 Qf1+ 33. Kh4 Qf2+ 34. Kh3 Qf1+  1/2-1/2

[Event "1. OEsterreichische Internet Schach Meisterschaft - Vorrunde 2"]
[Site "Online - Playchess.com"]
[Date ""]
[Round "1"]
[Board "6"]
[White "Wagner, Leopold Franziskus"]
[Black "Schnider, Gert"]
[Result "0-1"]
[WhiteElo "2168"]
[BlackElo "2423"]
[PlyCount "46"]
[EventDate "2020.04.13"]
[EventRounds "9"]
[EventCountry "AUT"]

1. e4 e5 2. Nf3 Nc6 3. Bb5 a6 4. Bxc6 dxc6 5. O-O Bg4 6. d3 Qf6 7. Nbd2 g5 8. b3
Qg7 9. Bb2 f6 10. h3 h5 11. Re1 Be6 12. d4 g4 13. Nh4 O-O-O 14. dxe5 fxe5 15. Qe2
gxh3 16. g3 Bc5 17. Kh2 Nh6 18. f3 Rhg8 19. Nf1 Be7 20. Nf5 Bxf5 21. exf5 Nxf5 22.
Qxe5 Qf7 23. Qxe7 Nxe7  0-1

[Event "1. OEsterreichische Internet Schach Meisterschaft - Vorrunde 2"]
[Site "Online - Playchess.com"]
[Date ""]
[Round "1"]
[Board "7"]
[White "Guetz, Wolfgang"]
[Black "Poetz, Florian"]
[Result "0-1"]
[WhiteElo "2078"]
[BlackElo "2422"]
[PlyCount "118"]
[EventDate "2020.04.13"]
[EventRounds "9"]
[EventCountry "AUT"]

1. e4 c5 2. Nf3 e6 3. d4 cxd4 4. Nxd4 a6 5. Nc3 Qc7 6. Be2 b5 7. O-O Bb7 8. Bf3 Nc6
9. Nce2 Ne5 10. Ng3 Nxf3+ 11. Qxf3 Nf6 12. Re1 d6 13. c3 Be7 14. Nh5 O-O 15. Bg5
Nxh5 16. Qxh5 Bxg5 17. Qxg5 h6 18. Qg4 Qc5 19. Re3 Qe5 20. Rae1 Rac8 21. f4 Qf6 22.
f5 e5 23. Ne2 Rc4 24. Ng3 Qg5 25. Qxg5 hxg5 26. b3 Rc5 27. Nh5 f6 28. Rg3 Rfc8 29.
Ree3 Kf7 30. h4 Rh8 31. Nxg7 Kxg7 32. hxg5 fxg5 33. Rxg5+ Kf7 34. Rg6 d5 35. Reg3
Rh7 36. Rb6 Bc8 37. Rgg6 dxe4 38. Rgf6+ Ke7 39. Kf2 Rxc3 40. Rg6 Bxf5 41. Rg5 Rf7
42. Ke2 e3 43. Rxa6 Bd7 44. Rxe5+ Kd8 45. Rxe3 Rxe3+ 46. Kxe3 Rg7 47. Kf2 Rf7+ 48.
Ke3 Rg7 49. a4 bxa4 50. bxa4 Rxg2 51. Kd4 Rc2 52. a5 Kc7 53. Kd5 Bc6+ 54. Rxc6+ Rxc6
55. Kd4 Kb7 56. Kd5 Rc1 57. Kd6 Ka6 58. Kd5 Kxa5 59. Kd6 Kb4  0-1

[Event "1. OEsterreichische Internet Schach Meisterschaft - Vorrunde 2"]
[Site "Online - Playchess.com"]
[Date ""]
[Round "1"]
[Board "8"]
[White "Hoelzl, Bernhard"]
[Black "Neubauer, Martin"]
[Result "0-1"]
[WhiteElo "1392"]
[BlackElo "2421"]
[PlyCount "58"]
[EventDate "2020.04.13"]
[EventRounds "9"]
[EventCountry "AUT"]

1. d4 d5 2. Bf4 e6 3. Nf3 Nf6 4. e3 Bd6 5. Bg3 O-O 6. Bd3 b6 7. O-O Ba6 8. Bxa6 Nxa6
9. Nbd2 Bxg3 10. hxg3 c5 11. c3 Nb8 12. Rc1 Nc6 13. Qe2 Qd6 14. Rfd1 e5 15. dxe5
Nxe5 16. Nxe5 Qxe5 17. Nf3 Qh5 18. Rd2 Rfe8 19. Rcd1 Rad8 20. Ne1 Ng4 21. Nf3 Re6
22. Qd3 Rh6 23. Kf1 Qh1+ 24. Ke2 Qxg2 25. Rf1 Rf6 26. Ne1 Rxf2+ 27. Rxf2 Qxf2+ 28.
Kd1 Nxe3+ 29. Kc1 Qxe1+  0-1

[Event "1. OEsterreichische Internet Schach Meisterschaft - Vorrunde 2"]
[Site "Online - Playchess.com"]
[Date ""]
[Round "1"]
[Board "9"]
[White "Schneider-Zinner, Harald"]
[Black "Lager, Johannes Jun."]
[Result "1-0"]
[WhiteElo "2381"]
[BlackElo "1722"]
[PlyCount "91"]
[EventDate "2020.04.13"]
[EventRounds "9"]
[EventCountry "AUT"]

1. d4 Nf6 2. Nf3 g6 3. Bg5 Bg7 4. Nbd2 O-O 5. c3 d6 6. e4 Re8 7. Bd3 Bg4 8. O-O e5
9. Qb3 Qc8 10. Bc4 Be6 11. Bxe6 Qxe6 12. Qxb7 Nbd7 13. Qxc7 exd4 14. Nxd4 Qe5 15.
Bxf6 Nxf6 16. Nc4 Qc5 17. Qxc5 dxc5 18. Nb3 Nxe4 19. f3 Ng5 20. Rfe1 Ne6 21. Rad1
Rad8 22. g3 Bf8 23. Kf2 Nc7 24. Rxe8 Rxd1 25. Rc8 Ne6 26. Ra8 Rh1 27. Kg2 Re1 28.
Kf2 Rh1 29. h4 Ng7 30. Nxc5 Rh2+ 31. Kg1 Re2 32. Nd7 Ne6 33. Nxf8 Nxf8 34. Rxa7 Kg7
35. Nd6 Ne6 36. Rxf7+ Kh6 37. Ne4 Rxb2 38. a4 Rb1+ 39. Kf2 Rb2+ 40. Ke3 Rb1 41. Nf6
Re1+ 42. Kf2 Nf8 43. Kxe1 g5 44. hxg5+ Kxg5 45. Nxh7+ Nxh7 46. Rxh7  1-0

[Event "1. OEsterreichische Internet Schach Meisterschaft - Vorrunde 2"]
[Site "Online - Playchess.com"]
[Date ""]
[Round "1"]
[Board "10"]
[White "Mostbauer, Florian"]
[Black "Leisch, Lukas"]
[Result "1/2-1/2"]
[WhiteElo "2309"]
[BlackElo "2362"]
[PlyCount "49"]
[EventDate "2020.04.13"]
[EventRounds "9"]
[EventCountry "AUT"]

1. c4 Nf6 2. g3 g6 3. Bg2 Bg7 4. Nc3 O-O 5. d3 d6 6. e4 c5 7. Nge2 Nc6 8. O-O Ne8
9. Be3 Nd4 10. f4 Bg4 11. h3 Bxe2 12. Nxe2 Rb8 13. Nxd4 cxd4 14. Bf2 a6 15. Rc1 Qa5
16. a3 b5 17. c5 b4 18. cxd6 Nxd6 19. Qd2 Qb5 20. e5 Nf5 21. g4 Ne3 22. Bxe3 dxe3
23. Qxe3 bxa3 24. bxa3 Qb3 25. f5  1/2-1/2

[Event "1. OEsterreichische Internet Schach Meisterschaft - Vorrunde 2"]
[Site "Online - Playchess.com"]
[Date ""]
[Round "1"]
[Board "11"]
[White "Freitag, Manfred"]
[Black "Auinger, Marcel"]
[Result "1-0"]
[WhiteElo "2356"]
[BlackElo "1808"]
[PlyCount "103"]
[EventDate "2020.04.13"]
[EventRounds "9"]
[EventCountry "AUT"]

1. e4 c6 2. Nc3 d5 3. Nf3 dxe4 4. Nxe4 Bf5 5. Ng3 Bg6 6. h4 h6 7. Ne5 Bh7 8. Qh5
Qd5 9. Bc4 g6 10. Bxd5 gxh5 11. Bxf7+ Kd8 12. Bb3 Kc7 13. d4 Nf6 14. Bf4 Kb6 15.
O-O-O Nbd7 16. Nc4+ Ka6 17. Rhe1 Rd8 18. a4 Nb6 19. Nxb6 axb6 20. Bc4+ Ka7 21. Be6
Nd5 22. Be5 Rg8 23. Bxg8 Bxg8 24. Nxh5 e6 25. c3 Bh7 26. Nf6 Bg6 27. h5 Bf7 28. g4
c5 29. Nxd5 Rxd5 30. c4 Rd7 31. dxc5 Rxd1+ 32. Rxd1 Bxc5 33. Bd4 Be7 34. Be3 Be8
35. b3 Bc6 36. f4 Bf3 37. Rg1 Be4 38. a5 Ba3+ 39. Kd2 Bb4+ 40. Ke2 Bxa5 41. g5 hxg5
42. fxg5 Bc3 43. g6 Bg7 44. h6 Bf8 45. g7 Bxg7 46. hxg7 Bh7 47. Rh1 Bg8 48. Rh8 Bf7
49. Rf8 Bh5+ 50. Kd2 Ka6 51. b4 e5 52. Ra8#  1-0

[Event "1. OEsterreichische Internet Schach Meisterschaft - Vorrunde 2"]
[Site "Online - Playchess.com"]
[Date ""]
[Round "1"]
[Board "12"]
[White "Weichhart, Daniel"]
[Black "Alvir, Aco"]
[Result "0-1"]
[WhiteElo "1648"]
[BlackElo "2355"]
[PlyCount "52"]
[EventDate "2020.04.13"]
[EventRounds "9"]
[EventCountry "AUT"]

1. e4 g6 2. d4 Bg7 3. Nc3 c5 4. Nf3 cxd4 5. Nxd4 Nc6 6. Be3 Nf6 7. Bc4 O-O 8. Bb3
d6 9. O-O Ng4 10. Nxc6 bxc6 11. Bd2 a5 12. h3 Nf6 13. Bg5 Qc7 14. Qd2 Rb8 15. Bh6
Bxh6 16. Qxh6 Rb4 17. a3 Rb7 18. f4 d5 19. exd5 cxd5 20. Bxd5 Nxd5 21. Nxd5 Qc5+
22. Kh1 Qxd5 23. Rad1 Qf5 24. g4 Qxc2 25. f5 Rxb2 26. fxg6 Qg2#  0-1

[Event "1. OEsterreichische Internet Schach Meisterschaft - Vorrunde 2"]
[Site "Online - Playchess.com"]
[Date ""]
[Round "1"]
[Board "14"]
[White "Platzgummer, Fabian"]
[Black "Krassnitzer, Julia"]
[Result "1-0"]
[WhiteElo "2336"]
[BlackElo "1803"]
[PlyCount "67"]
[EventDate "2020.04.13"]
[EventRounds "9"]
[EventCountry "AUT"]

1. e4 e5 2. Nf3 Nc6 3. d4 exd4 4. Nxd4 Bc5 5. Be3 Qf6 6. c3 Nge7 7. Bc4 O-O 8. O-O
Bb6 9. Bb3 Qg6 10. Nd2 Kh8 11. f4 f5 12. e5 d6 13. exd6 cxd6 14. N2f3 Na5 15. Bf2
Nxb3 16. Qxb3 Nc6 17. Rfe1 Na5 18. Qd5 Bd7 19. b4 Bc6 20. Nxc6 Nxc6 21. Bxb6 axb6
22. Re6 Qg4 23. Qxd6 Rad8 24. Qc7 Rfe8 25. Rae1 Rf8 26. Qxb7 Nb8 27. Qxb6 Nd7 28.
Qxd8 Rxd8 29. Re8+ Nf8 30. Rxd8 Kg8 31. Ree8 h5 32. Rxf8+ Kh7 33. Ng5+ Kg6 34. Rd6#
 1-0

[Event "1. OEsterreichische Internet Schach Meisterschaft - Vorrunde 2"]
[Site "Online - Playchess.com"]
[Date ""]
[Round "1"]
[Board "15"]
[White "Schroettner, Martin"]
[Black "Hechl, Gerald"]
[Result "0-1"]
[WhiteElo "1934"]
[BlackElo "2333"]
[PlyCount "94"]
[EventDate "2020.04.13"]
[EventRounds "9"]
[EventCountry "AUT"]

1. Nf3 d5 2. c4 d4 3. e3 Nc6 4. b3 e5 5. Bb2 Bg4 6. h3 Bh5 7. g4 Bg6 8. Bg2 dxe3
9. fxe3 f6 10. O-O Bd3 11. Rf2 Bc5 12. Ne1 Bg6 13. Nc3 a6 14. Ne4 Ba7 15. Ng3 Nge7
16. Nf3 O-O 17. Nh4 Bd3 18. Nhf5 Nxf5 19. Nxf5 Rb8 20. Ba3 Re8 21. Qf3 Ne7 22. Ng3
c6 23. Re1 Bg6 24. h4 Qa5 25. Bxe7 Rxe7 26. a4 h6 27. h5 Bh7 28. Nf5 Rd7 29. Rd1
Rbd8 30. Qe2 Qb4 31. d4 Bxf5 32. Rxf5 exd4 33. exd4 Bxd4+ 34. Kh1 Be5 35. Rb1 Qd2
36. Qf3 Rd3 37. Qf1 Qe3 38. b4 Qg3 39. Rxe5 fxe5 40. b5 Qf4 41. Qg1 axb5 42. cxb5
Qxa4 43. bxc6 bxc6 44. Qb6 Rd1+ 45. Rxd1 Rxd1+ 46. Kh2 Qf4+ 47. Kh3 Rd3+  0-1

[Event "1. OEsterreichische Internet Schach Meisterschaft - Vorrunde 2"]
[Site "Online - Playchess.com"]
[Date ""]
[Round "1"]
[Board "16"]
[White "Schroll, Gerhard"]
[Black "Friedl, Markus"]
[Result "0-1"]
[WhiteElo "2321"]
[BlackElo "1857"]
[PlyCount "82"]
[EventDate "2020.04.13"]
[EventRounds "9"]
[EventCountry "AUT"]

1. e4 e5 2. Nf3 d6 3. Bc4 Be7 4. O-O Nf6 5. Nc3 O-O 6. d4 exd4 7. Nxd4 Nc6 8. Re1
Ne5 9. Bf1 Nfd7 10. f4 Nc6 11. Nxc6 bxc6 12. Be3 Nb6 13. a4 Bf6 14. a5 Nd7 15. Qd2
Bh4 16. g3 Bf6 17. Bg2 Rb8 18. Rab1 c5 19. Na4 Ba6 20. b3 Re8 21. Nc3 Bb7 22. Nd5
Bxd5 23. exd5 Nf8 24. Bf2 Ng6 25. c4 Rxe1+ 26. Qxe1 Qd7 27. b4 Re8 28. Qd2 Qa4 29.
bxc5 dxc5 30. Bxc5 Qxc4 31. Bxa7 h6 32. Bf2 Re2 33. Rc1 Qb5 34. Qd1 Ne7 35. Rxc7
Nf5 36. d6 Qb2 37. Rc8+ Kh7 38. Qd3 g6 39. Qf3 Rxf2 40. Qd5 Rxg2+ 41. Qxg2 Bd4+  0-1

[Event "1. OEsterreichische Internet Schach Meisterschaft - Vorrunde 2"]
[Site "Online - Playchess.com"]
[Date ""]
[Round "1"]
[Board "17"]
[White "Wukits, Rene"]
[Black "Schein, Alexander"]
[Result "1-0"]
[WhiteElo "2312"]
[BlackElo "1631"]
[PlyCount "69"]
[EventDate "2020.04.13"]
[EventRounds "9"]
[EventCountry "AUT"]

1. d4 d5 2. c4 e5 3. dxe5 d4 4. a3 Nc6 5. Nf3 Bg4 6. Nbd2 Nge7 7. h3 Bxf3 8. Nxf3
Ng6 9. e3 dxe3 10. Bxe3 Ngxe5 11. Nxe5 Nxe5 12. Be2 Bd6 13. c5 Be7 14. Qc2 c6 15.
O-O O-O 16. Rad1 Qc7 17. Qf5 Bf6 18. Bd4 Qe7 19. Rfe1 Rfe8 20. f4 Ng6 21. Bxf6 Qxf6
22. Qxf6 gxf6 23. g3 Rad8 24. Kf2 Ne7 25. Bf3 Rxd1 26. Rxd1 Kf8 27. Rd7 b6 28. Rxa7
bxc5 29. Rb7 Rc8 30. a4 Nd5 31. b3 Nb4 32. Be2 Nd5 33. Bc4 Nb4 34. Rxf7+ Kg8 35.
Rc7+  1-0

[Event "1. OEsterreichische Internet Schach Meisterschaft - Vorrunde 2"]
[Site "Online - Playchess.com"]
[Date ""]
[Round "1"]
[Board "18"]
[White "Postl, Anton"]
[Black "Mayrhuber, Nikola"]
[Result "1-0"]
[WhiteElo "2290"]
[BlackElo "2025"]
[PlyCount "77"]
[EventDate "2020.04.13"]
[EventRounds "9"]
[EventCountry "AUT"]

1. d4 e6 2. c4 Nf6 3. Nf3 d5 4. Nc3 c6 5. e3 Bd6 6. Bd3 O-O 7. O-O Nbd7 8. e4 dxe4
9. Nxe4 Nxe4 10. Bxe4 Nf6 11. Bc2 c5 12. Bg5 b6 13. Re1 Bb7 14. Ne5 Be7 15. Qd3 g6
16. Rad1 Nd7 17. Bh6 Re8 18. Nf3 Bxf3 19. Qxf3 Qc7 20. d5 exd5 21. cxd5 Bd6 22. h3
Bf8 23. Bf4 Bd6 24. Bh6 Bf8 25. Bc1 Bd6 26. g4 Nf8 27. Kg2 Re7 28. Rxe7 Qxe7 29.
Bd2 Qe5 30. Bc3 Qh2+ 31. Kf1 Qf4 32. Qxf4 Bxf4 33. Bf6 Re8 34. d6 Nd7 35. Be7 Bh6
36. Ba4 Bf8 37. Bxd7 Rxe7 38. dxe7 Bxe7 39. a4  1-0

[Event "1. OEsterreichische Internet Schach Meisterschaft - Vorrunde 2"]
[Site "Online - Playchess.com"]
[Date ""]
[Round "1"]
[Board "19"]
[White "Wohlfahrt, Herbert"]
[Black "Schwarz, Benedikt"]
[Result "1-0"]
[WhiteElo "2285"]
[BlackElo "1815"]
[PlyCount "125"]
[EventDate "2020.04.13"]
[EventRounds "9"]
[EventCountry "AUT"]

1. Nf3 f5 2. d4 Nf6 3. c4 g6 4. g3 Bg7 5. Bg2 O-O 6. Nc3 d6 7. O-O Nc6 8. b3 e5 9.
dxe5 dxe5 10. Ba3 Re8 11. Qxd8 Rxd8 12. Rad1 Be6 13. Nb5 Rxd1 14. Rxd1 Rc8 15. Ng5
Bf7 16. Nxf7 Kxf7 17. Bc5 a6 18. Nc3 e4 19. f3 exf3 20. Bxf3 Ke8 21. Nd5 Nxd5 22.
Bxd5 Rd8 23. Bxc6+ bxc6 24. Rxd8+ Kxd8 25. Kg2 Kd7 26. Kf3 Ke6 27. Ba3 Be5 28. e4
Bd6 29. Bb2 Be5 30. Bc1 Bd4 31. Bf4 Be5 32. Ke3 c5 33. Kf3 c6 34. Be3 Bd4 35. Bg5
Ke5 36. exf5 Kxf5 37. Bd8 Ke5 38. Bb6 h5 39. h3 g5 40. g4 hxg4+ 41. Kxg4 Be3 42.
Bd8 Kd4 43. Bxg5 Bf2 44. h4 Kc3 45. h5 Kb2 46. h6 Bd4 47. Kf5 Kxa2 48. Bf6 Kxb3 49.
h7 Bxf6 50. Kxf6 Kxc4 51. h8=Q Kb3 52. Qh1 c4 53. Qb1+ Kc3 54. Ke5 Kd2 55. Qb2+ Kd3
56. Qc1 c3 57. Kd6 c2 58. Kxc6 Kc3 59. Kb6 a5 60. Ka6 Kb3 61. Kxa5 Kc3 62. Ka4 Kd3
63. Kb3  1-0

[Event "1. OEsterreichische Internet Schach Meisterschaft - Vorrunde 2"]
[Site "Online - Playchess.com"]
[Date ""]
[Round "1"]
[Board "20"]
[White "Enoeckl, Philipp"]
[Black "Tischler, Michel"]
[Result "1-0"]
[WhiteElo "2276"]
[BlackElo "1517"]
[PlyCount "47"]
[EventDate "2020.04.13"]
[EventRounds "9"]
[EventCountry "AUT"]

1. d4 Nf6 2. Bg5 e6 3. e4 h6 4. Bxf6 Qxf6 5. c3 b6 6. Bd3 Bb7 7. Ne2 c5 8. O-O Nc6
9. f4 Qd8 10. d5 exd5 11. exd5 Ne7 12. c4 d6 13. Nbc3 Qd7 14. Ng3 g6 15. Bc2 O-O-O
16. Ba4 Qc7 17. Re1 Nf5 18. Nxf5 gxf5 19. Qc2 Bg7 20. Nb5 Qb8 21. Qxf5+ Rd7 22. Re7
Rhd8 23. Rae1 a6 24. Rxd7  1-0

[Event "1. OEsterreichische Internet Schach Meisterschaft - Vorrunde 2"]
[Site "Online - Playchess.com"]
[Date ""]
[Round "1"]
[Board "21"]
[White "Haas, Michael"]
[Black "Belke, Frank"]
[Result "0-1"]
[WhiteElo "2141"]
[BlackElo "2273"]
[PlyCount "102"]
[EventDate "2020.04.13"]
[EventRounds "9"]
[EventCountry "AUT"]

1. d4 Nf6 2. Nf3 g6 3. Bg5 Ne4 4. Bh4 Bg7 5. Nbd2 d5 6. e3 Nd7 7. Bd3 Ndf6 8. Ne5
O-O 9. c3 Bf5 10. Qc2 Nd6 11. O-O c6 12. f3 Bxd3 13. Qxd3 Nf5 14. Bf2 Nd7 15. Nxd7
Qxd7 16. e4 Nd6 17. Rfe1 dxe4 18. fxe4 Rad8 19. Nc4 Nxc4 20. Qxc4 e6 21. Rad1 Qe7
22. Qa4 a6 23. e5 Rd5 24. Qc2 b5 25. b4 Rfd8 26. a4 Qd7 27. Ra1 Bf8 28. axb5 axb5
29. Ra6 Bg7 30. Rea1 f6 31. exf6 Bxf6 32. Ra7 Qe8 33. Bg3 R5d7 34. R7a6 Rd5 35. Qf2
Rf5 36. Qe2 Qd7 37. Ra7 Qd5 38. Rc7 Rd7 39. Rc8+ Kf7 40. Raa8 Qb3 41. Rf8+ Kg7 42.
Rg8+ Kf7 43. Raf8+ Ke7 44. Re8+ Kf7 45. Rgf8+ Kg7 46. Qxe6 Qxe6 47. Rxe6 Kxf8 48.
Rxc6 Kf7 49. h3 Be7 50. Kh2 Rf6 51. Be5 Rxc6  0-1

[Event "1. OEsterreichische Internet Schach Meisterschaft - Vorrunde 2"]
[Site "Online - Playchess.com"]
[Date ""]
[Round "1"]
[Board "22"]
[White "Frank, Emanuel"]
[Black "Doskocil, Klaus"]
[Result "1-0"]
[WhiteElo "2271"]
[BlackElo "2157"]
[PlyCount "119"]
[EventDate "2020.04.13"]
[EventRounds "9"]
[EventCountry "AUT"]

1. d4 c5 2. d5 e5 3. e4 d6 4. Bb5+ Bd7 5. a4 a6 6. Be2 g6 7. Nc3 Bg7 8. Nf3 Ne7 9.
Nd2 O-O 10. Nc4 Bc8 11. O-O f5 12. exf5 Nxf5 13. Ne4 Nd4 14. Nexd6 Qc7 15. Nxc8 Rxc8
16. Bg4 Rf8 17. c3 Nf5 18. d6 Qc6 19. Bxf5 gxf5 20. a5 Nd7 21. Bg5 Rf7 22. Be7 Re8
23. Qd2 f4 24. f3 Bf8 25. Bxf8 Rfxf8 26. Rad1 Kh8 27. Qd5 Qxd5 28. Rxd5 Rf6 29. Re1
Rfe6 30. Kf2 Kg7 31. Nd2 Kg6 32. Ne4 Rc8 33. c4 Rc6 34. Red1 b6 35. axb6 Rxb6 36.
R1d2 Rc6 37. g3 fxg3+ 38. hxg3 Re8 39. Ke3 Rb8 40. R5d3 a5 41. Ra3 Rb4 42. Rxa5 Rxc4
43. Ra7 Nf8 44. d7 Nxd7 45. Raxd7 Rd4 46. R7xd4 cxd4+ 47. Kd3 Rb6 48. Rc2 Kf5 49.
Nc5 h5 50. b3 Rb4 51. Rh2 Kg5 52. Ne4+ Kg6 53. Nd2 Rb5 54. Rh4 Rc5 55. Nc4 Rb5 56.
Kc2 Rc5 57. Re4 Kf5 58. Kd3 Rb5 59. Nd6+ Ke6 60. Nxb5  1-0

[Event "1. OEsterreichische Internet Schach Meisterschaft - Vorrunde 2"]
[Site "Online - Playchess.com"]
[Date ""]
[Round "1"]
[Board "23"]
[White "Neuschmied, Siegfried"]
[Black "Kwech, Gregor"]
[Result "1-0"]
[WhiteElo "2268"]
[BlackElo "1064"]
[PlyCount "75"]
[EventDate "2020.04.13"]
[EventRounds "9"]
[EventCountry "AUT"]

1. e4 c5 2. Nf3 d6 3. Bb5+ Nc6 4. O-O Nf6 5. Re1 g6 6. c3 Bg7 7. h3 O-O 8. d4 cxd4
9. cxd4 Bd7 10. Nc3 a6 11. Bf1 e6 12. Bg5 h6 13. Be3 Rc8 14. Qd2 d5 15. e5 Nh7 16.
Bxh6 Ne7 17. Bxg7 Kxg7 18. g4 b5 19. Bg2 a5 20. Ne2 b4 21. Rac1 f5 22. Rxc8 Qxc8
23. Rc1 Qb7 24. g5 Rc8 25. Nf4 Nxg5 26. Nxg5 Ng8 27. Ngxe6+ Bxe6 28. Nxe6+ Kf7 29.
Nf4 Rxc1+ 30. Qxc1 Ne7 31. Qc5 a4 32. Nxd5 Nxd5 33. Bxd5+ Qxd5 34. Qxd5+ Ke7 35.
Qd6+ Ke8 36. e6 g5 37. Qd7+ Kf8 38. Qf7#  1-0

[Event "1. OEsterreichische Internet Schach Meisterschaft - Vorrunde 2"]
[Site "Online - Playchess.com"]
[Date ""]
[Round "1"]
[Board "24"]
[White "Kwech, Andreas"]
[Black "Peyrer, Konstantin"]
[Result "0-1"]
[WhiteElo "1901"]
[BlackElo "2265"]
[PlyCount "22"]
[EventDate "2020.04.13"]
[EventRounds "9"]
[EventCountry "AUT"]

1. e4 e5 2. Nf3 Nc6 3. d4 exd4 4. c3 d5 5. exd5 Qxd5 6. cxd4 Nf6 7. Nc3 Bb4 8. Be2
O-O 9. O-O Bxc3 10. bxc3 Ne4 11. Qd2 Nxd2  0-1

[Event "1. OEsterreichische Internet Schach Meisterschaft - Vorrunde 2"]
[Site "Online - Playchess.com"]
[Date ""]
[Round "1"]
[Board "25"]
[White "Pernerstorfer, Max"]
[Black "Perhinig, Robert"]
[Result "0-1"]
[WhiteElo "2066"]
[BlackElo "2252"]
[PlyCount "68"]
[EventDate "2020.04.13"]
[EventRounds "9"]
[EventCountry "AUT"]

1. e4 e6 2. d4 d5 3. Nd2 Nf6 4. e5 Nfd7 5. Bd3 c5 6. c3 Nc6 7. Ne2 Qb6 8. Nf3 cxd4
9. cxd4 f6 10. exf6 Nxf6 11. O-O Bd6 12. Re1 O-O 13. Nf4 Ne4 14. Bxe4 dxe4 15. Rxe4
Bxf4 16. Bxf4 Qxb2 17. d5 exd5 18. Qxd5+ Kh8 19. Rae1 Bf5 20. R4e2 Qf6 21. Bg5 Qg6
22. Qb5 Bg4 23. Ne5 Nxe5 24. Rxe5 h6 25. Be3 Bf3 26. g3 Bc6 27. Qf1 Qg4 28. Qe2 Qh3
29. Qf1 Qg4 30. Qe2 Bf3 31. Qf1 Rad8 32. Re7 Bc6 33. Qe2 Qxe2 34. Rxe2 Rd1+  0-1

[Event "1. OEsterreichische Internet Schach Meisterschaft - Vorrunde 2"]
[Site "Online - Playchess.com"]
[Date ""]
[Round "1"]
[Board "26"]
[White "Steiner, Adam"]
[Black "Bauer, Sebastian"]
[Result "0-1"]
[WhiteElo "2251"]
[BlackElo "2237"]
[PlyCount "94"]
[EventDate "2020.04.13"]
[EventRounds "9"]
[EventCountry "AUT"]

1. e4 e5 2. f4 d6 3. Nf3 Nc6 4. Nc3 g6 5. Bc4 Bg7 6. Ng5 Nh6 7. O-O exf4 8. d4 Qxg5
9. Bxf4 Qg4 10. Qd2 Ng8 11. Bxf7+ Kxf7 12. e5 Bf5 13. h3 Qh4 14. Bg5 Bh6 15. e6+
Kg7 16. Bxh4 Bxd2 17. d5 Bxc3 18. bxc3 Ne5 19. g4 Be4 20. Rae1 Nf3+ 21. Rxf3 Bxf3
22. Rf1 g5 23. Bxg5 Bxd5 24. e7 h6 25. Bh4 Re8 26. Rf5 Be6 27. Rf4 Nxe7 28. Bf6+
Kg6 29. Bxh8 Rxh8 30. Re4 Kf7 31. Kf2 Ng6 32. Kg3 Bd5 33. Re2 Ne5 34. Rf2+ Kg7 35.
h4 Rf8 36. Rd2 Rf3+ 37. Kh2 Nxg4+ 38. Kg1 Bc6 39. h5 Rxc3 40. Kf1 Kf6 41. a4 Rc5
42. Rd4 Kg5 43. a5 Rxc2 44. a6 bxa6 45. Kg1 a5 46. Rd3 Rc1+ 47. Rd1 Rxd1#  0-1